[Event "21st Alekhine FIDE 2017"]
[Site "Voronezh"]
[Date "2017.06.17"]
[Round "6"]
[White "Tatarintsev, Egor"]
[Black "Rozmanov, Aleksandr"]
[Result "1/2-1/2"]
[WhiteElo "2085"]
[BlackElo "1928"]
[Annotator "NA RC"]
[PlyCount "67"]
[EventDate "2017.??.??"]
[EventType "swiss"]
[EventCountry "RUS"]
[SourceTitle "playchess.com"]
[Source "ChessBase"]
[SourceQuality "1"]
[TimeControl "40/5400+30:1800+30"]

{[%evp 17,65,0,57,44,65,33,50,45,83,32767,0,-10,4,-16,-24,-65,-73,-73,-77,-79,-27,-25,-21,-48,-17,-19,-16,-6,32767,-21,-23,-27,-18,-20,-12,-20,-14,-23,-19,32767,32767,-22,-15,-23,-9,32767,0,-26,0,-12]} 1. e4 {[%emt 0:00:00]} e5 {[%emt 0:04:21]} 2. Nf3 {[%emt 0:00:00]} Nc6 {[%emt 0:00:13]} 3. Bb5 {[%emt 0:00:05]} a6 {[%emt 0:00:30]} 4. Bxc6 {[%emt 0:00:14]} dxc6 {[%emt 0:00:08]} 5. O-O {[%emt 0:00:17]} f6 {[%emt 0:00:07]} 6. d4 {[%emt 0:00:33]} exd4 {[%emt 0:00:04]} 7. Nxd4 {[%emt 0:00:18]} c5 {[%emt 0:00:03]} 8. Ne2 {[%emt 0:02:11]} Be6 {[%emt 0:00:38] C69: Ruy Lopez: Exchange Variation with 5 0-0 f6} (8... Qxd1 9. Rxd1 Bd7 10. Nbc3 O-O-O 11. Be3 Re8 12. Rd2 Bc6 13. Rad1 Bd6 14. Bf4 Bxf4 15. Nxf4 Nh6 16. Nh5 Rhg8 17. f3 f5 18. Ng3 fxe4 19. Ncxe4 Re5 {1-0 (47) Socko,B (2617)-Nyback,T (2608) Germany 2015}) 9. a4 $146 {[%emt 0:06:25]} ({Predecessor:} 9. Bf4 Bd6 10. Nbc3 Ne7 11. Qc1 Ng6 12. Bxd6 Qxd6 13. f4 Ne7 14. Rd1 Qc6 15. f5 Bf7 16. Nf4 {1-0 (44) Cornette,M (2494)-Lev,R (2414) Kemer 2007}) 9... b6 {[%emt 0:01:12]} (9... Ne7 $11) 10. Nbc3 {[%emt 0:01:16]} Qxd1 {[%emt 0:02:21]} 11. Rxd1 {[%emt 0:00:21]} Bd6 {[%emt 0:00:06]} 12. Bf4 {[%emt 0:06:49]} O-O-O {[%emt 0:03:10]} 13. Nd5 {[%emt 0:09:18]} Bxd5 {[%emt 0:00:34]} 14. exd5 {[%emt 0:00:52]} Ne7 {[%emt 0:01:55]} 15. Bxd6 {[%emt 0:01:40]} Rxd6 {[%emt 0:00:02]} 16. a5 {[%emt 0:08:50]} Rxd5 {[%emt 0:02:24]} 17. Rxd5 {[%emt 0:02:07]} Nxd5 {[%emt 0:00:01]} 18. axb6 {[%emt 0:00:18]} cxb6 {[%emt 0:00:12]} 19. Rxa6 {[%emt 0:00:38]} Kb7 {[%emt 0:00:02]} 20. Ra3 {[%emt 0:02:11]} Re8 {[%emt 0:00:16]} 21. Kf1 {[%emt 0:00:17]} Re7 {[%emt 0:01:16]} 22. Rd3 {[%emt 0:05:32]} Kc6 {[%emt 0:01:35]} 23. c3 {[%emt 0:21:25]} b5 {[%emt 0:06:18]} 24. Rd2 {[%emt 0:01:43]} g6 {[%emt 0:05:22]} 25. g3 {[%emt 0:03:17]} Ra7 {[%emt 0:01:35]} 26. Ke1 {[%emt 0:05:32]} Ra1+ {[%emt 0:01:11]} 27. Rd1 {[%emt 0:00:04]} Ra2 {[%emt 0:02:50]} 28. c4 {[%emt 0:04:57]} Nc7 {[%emt 0:00:26]} 29. cxb5+ {[%emt 0:01:02]} Nxb5 {[%emt 0:00:41]} 30. Rd2 {[%emt 0:00:08]} Ra1+ {[%emt 0:05:06]} 31. Rd1 {[%emt 0:00:18]} Ra2 {[%emt 0:09:59]} 32. Rd2 {[%emt 0:00:21]} Ra1+ {[%emt 0:00:12]} 33. Rd1 $11 {[%emt 0:00:06]} Ra2 {[%emt 0:04:58]} 34. Ng1 1/2-1/2

[Event "21st Alekhine FIDE 2017"]
[Site "Voronezh"]
[Date "2017.06.17"]
[Round "6"]
[White "Kozlov, Sergej A"]
[Black "Palkovich, Denis"]
[Result "0-1"]
[WhiteElo "2072"]
[BlackElo "2147"]
[Annotator "NA"]
[PlyCount "114"]
[EventDate "2017.??.??"]
[EventType "swiss"]
[EventCountry "RUS"]
[SourceTitle "playchess.com"]
[Source "ChessBase"]
[SourceQuality "1"]
[TimeControl "40/5400+30:1800+30"]

{[%evp 8,94,63,49,69,51,52,-25,11,-12,0,-17,-15,-21,-10,-26,-20,-40,-36,-42,32767,-60,-55,-52,-56,-60,-52,-56,-60,-53,-23,-58,-52,-54,-52,-48,-48,-68,-44,-58,-30,-59,-52,-68,32767,-64,-73,-93,32767,32767,-83,-91,-92,-96,32767,32767,-39,-40,32767,32767,32767,32767,-75,-85,-89,-96,32767,32767,-75,32767,32767,32767,32767,32767,32767,32767,32767,32767,32767,32767,32767,32767,32767,-61,-118,32767,32767,-153,-70]} 1. e4 {[%emt 0:00:00]} d5 {[%emt 0:12:51]} 2. exd5 {[%emt 0:01:21]} Qxd5 {[%emt 0:00:07]} 3. Nc3 {[%emt 0:00:08]} Qa5 {[%emt 0:00:05]} 4. d4 {[%emt 0:00:41]} Nf6 {[%emt 0:00:08]} 5. Nf3 {[%emt 0:00:17]} Nc6 {[%emt 0:00:07]} 6. Bb5 {[%emt 0:02:54]} Nd5 {[%emt 0:00:09]} 7. Bd2 {[%emt 0:04:59]} (7. Rb1 $14) 7... Nxc3 {[%emt 0:03:37] LiveBook: 16 Games B01: Scandinavian Defence} 8. Bxc6+ $1 {[%emt 0:00:05]} bxc6 {[%emt 0:00:03]} 9. Bxc3 {[%emt 0:00:07]} Qd5 $1 {[%emt 0:00:06]} 10. O-O {[%emt 0:06:19]} (10. h3 Ba6 11. Qd2 e6 12. Kd1 Rd8 13. Kc1 c5 14. Rd1 Be7 15. b3 cxd4 16. Bxd4 {½-½ (53) Govedarica,R (2395)-Saric,S (2444) Kragujevac 2010}) 10... Bg4 $1 {[%emt 0:00:08]} 11. Re1 {[%emt 0:01:24]} Bxf3 $1 {[%emt 0:00:21]} 12. Qxf3 {[%emt 0:06:41]} Qxf3 {[%emt 0:01:45]} 13. gxf3 {[%emt 0:00:04]} e6 {[%emt 0:00:13]} 14. Re5 {[%emt 0:05:13]} O-O-O {[%emt 0:00:37]} 15. Rd1 $146 {[%emt 0:23:37]} ({Predecessor:} 15. Ra5) 15... Be7 {[%emt 0:00:46]} 16. Rd3 {[%emt 0:00:55]} Rd5 {[%emt 0:01:17]} 17. Bd2 {[%emt 0:04:23]} Rhd8 {[%emt 0:01:42]} 18. Be3 {[%emt 0:08:10]} Bd6 {[%emt 0:03:35]} 19. Rxd5 {[%emt 0:03:00]} cxd5 {[%emt 0:00:14]} 20. Rb3 {[%emt 0:00:47]} Kd7 {[%emt 0:00:53]} 21. Bd2 {[%emt 0:00:30]} a6 {[%emt 0:04:26]} 22. h3 {[%emt 0:01:57]} Re8 {[%emt 0:01:02]} (22... g5 $5) 23. Kg2 {[%emt 0:01:21]} f6 {[%emt 0:09:29]} 24. Rd3 {[%emt 0:00:40]} Rb8 {[%emt 0:00:58]} 25. Bc1 {[%emt 0:02:17]} Rb4 {[%emt 0:00:27]} 26. c3 {[%emt 0:04:46]} Ra4 {[%emt 0:00:32]} 27. a3 {[%emt 0:00:20]} Rc4 {[%emt 0:01:42]} 28. Be3 {[%emt 0:01:53]} Rc6 {[%emt 0:00:48]} 29. Bc1 {[%emt 0:01:42]} Rb6 {[%emt 0:00:13]} 30. Rd1 {[%emt 0:00:29]} Rb3 {[%emt 0:00:25]} 31. Kf1 {[%emt 0:00:40]} Kc6 {[%emt 0:01:37]} 32. Ke2 {[%emt 0:00:33]} a5 {[%emt 0:01:03]} 33. Rg1 {[%emt 0:00:25]} Bf8 {[%emt 0:00:14]} 34. Kd3 {[%emt 0:00:45]} a4 {[%emt 0:00:25]} 35. Rg4 {[%emt 0:00:31]} Rb8 {[%emt 0:01:14]} 36. Rh4 {[%emt 0:00:59]} h6 {[%emt 0:00:25]} 37. Rg4 {[%emt 0:00:11]} Kd7 {[%emt 0:01:28]} 38. Kc2 {[%emt 0:00:41]} Re8 {[%emt 0:00:40]} 39. Be3 {[%emt 0:00:10]} h5 {[%emt 0:04:58]} 40. Rg1 {[%emt 0:00:29]} e5 {[%emt 0:33:10]} 41. Rd1 {[%emt 0:30:58]} e4 {[%emt 0:00:34]} 42. Rg1 {[%emt 0:02:39]} exf3 {[%emt 0:00:44]} 43. Rg3 {[%emt 0:00:04]} c6 {[%emt 0:04:28]} 44. Rxf3 {[%emt 0:00:12]} Bd6 {[%emt 0:00:35]} 45. Bd2 {[%emt 0:02:43]} Re2 {[%emt 0:01:39]} 46. Kd3 {[%emt 0:00:34]} Re4 {[%emt 0:00:25]} 47. Re3 {[%emt 0:01:16]} Rh4 $15 {[%emt 0:03:57]} 48. Rf3 {[%emt 0:01:21]} Ke6 {[%emt 0:01:04]} 49. Ke2 {[%emt 0:00:13]} g5 {[%emt 0:03:58]} 50. Kf1 {[%emt 0:01:00]} g4 {[%emt 0:03:16]} 51. hxg4 {[%emt 0:00:41]} hxg4 {[%emt 0:00:10]} 52. Re3+ {[%emt 0:00:32]} Kd7 {[%emt 0:03:35]} 53. Re1 {[%emt 0:01:45]} f5 {[%emt 0:01:05]} 54. Kg2 {[%emt 0:00:47]} Rh2+ {[%emt 0:02:28]} 55. Kg1 {[%emt 0:00:32]} g3 {[%emt 0:01:13]} 56. Rf1 {[%emt 0:01:01]} f4 {[%emt 0:00:52]} 57. Bc1 {[%emt 0:00:38]} g2 {[%emt 0:00:18]} 0-1

[Event "21st Alekhine FIDE 2017"]
[Site "Voronezh"]
[Date "2017.06.17"]
[Round "6"]
[White "Lebedev, Mikhail S"]
[Black "Peschansky, Mikhail"]
[Result "0-1"]
[WhiteElo "2041"]
[BlackElo "2162"]
[Annotator "ChessBase"]
[PlyCount "136"]
[EventDate "2017.??.??"]
[EventType "swiss"]
[EventCountry "RUS"]
[SourceTitle "playchess.com"]
[Source "ChessBase"]
[SourceQuality "1"]
[TimeControl "40/5400+30:1800+30"]

1. e4 {[%emt 0:00:00]} g6 {[%emt 0:00:25]} 2. d4 {[%emt 0:01:22]} Bg7 {[%emt 0:00:07]} 3. Nf3 {[%emt 0:02:00]} c6 {[%emt 0:03:07]} 4. Nc3 {[%emt 0:04:15]} d6 {[%emt 0:02:33]} 5. h3 {[%emt 0:04:06]} Nd7 {[%emt 0:00:58]} 6. Be3 {[%emt 0:05:37]} Qb6 {[%emt 0:04:44]} 7. Qc1 {[%emt 0:12:24]} Ngf6 {[%emt 0:02:35]} 8. Be2 {[%emt 0:02:26]} a6 {[%emt 0:17:09]} 9. O-O {[%emt 0:03:08]} O-O {[%emt 0:01:09]} 10. a4 {[%emt 0:07:05]} a5 {[%emt 0:03:58]} 11. Rd1 {[%emt 0:12:03]} Qc7 {[%emt 0:02:18]} 12. Bh6 {[%emt 0:04:17]} e5 {[%emt 0:07:32]} 13. dxe5 {[%emt 0:06:11]} dxe5 {[%emt 0:00:05]} 14. Bxg7 {[%emt 0:02:57]} Kxg7 {[%emt 0:00:06]} 15. Qe3 {[%emt 0:00:46]} Re8 {[%emt 0:00:53]} 16. Bc4 {[%emt 0:03:57]} Qb6 {[%emt 0:02:42]} 17. Qxb6 {[%emt 0:05:05]} Nxb6 {[%emt 0:00:01]} 18. Bb3 {[%emt 0:03:08]} Nfd7 {[%emt 0:03:24]} 19. Nd2 {[%emt 0:05:52]} Nc5 {[%emt 0:01:26]} 20. Bc4 {[%emt 0:02:47]} Rd8 {[%emt 0:05:05]} 21. Bf1 {[%emt 0:01:17]} Be6 {[%emt 0:01:14]} 22. b3 {[%emt 0:01:39]} f6 {[%emt 0:00:55]} 23. Nf3 {[%emt 0:01:08]} h5 {[%emt 0:00:54]} 24. g3 {[%emt 0:01:52]} g5 {[%emt 0:03:46]} 25. Kg2 {[%emt 0:03:35]} Kf7 {[%emt 0:01:14]} 26. Be2 {[%emt 0:01:08]} Ke7 {[%emt 0:00:20]} 27. h4 {[%emt 0:00:38]} g4 {[%emt 0:01:52]} 28. Nh2 {[%emt 0:00:52]} Rg8 {[%emt 0:02:04]} 29. f3 {[%emt 0:00:27]} gxf3+ {[%emt 0:01:06]} 30. Bxf3 {[%emt 0:00:11]} Bf7 {[%emt 0:00:02]} 31. Kf2 {[%emt 0:00:47]} Ne6 {[%emt 0:03:22]} 32. Nf1 {[%emt 0:01:04]} Nd4 {[%emt 0:00:07]} 33. Ne3 {[%emt 0:00:13]} Bg6 {[%emt 0:02:35]} 34. Bg2 {[%emt 0:00:36]} Nd7 {[%emt 0:01:44]} 35. Ne2 {[%emt 0:00:35]} Nxe2 {[%emt 0:00:13]} 36. Kxe2 {[%emt 0:00:05]} Nc5 {[%emt 0:00:01]} 37. Kf2 {[%emt 0:01:57]} Bxe4 {[%emt 0:05:10]} 38. Bh3 {[%emt 0:00:05]} Rad8 {[%emt 0:01:07]} 39. Nf5+ {[%emt 0:01:02]} Bxf5 {[%emt 0:02:46]} 40. Bxf5 {[%emt 0:00:01]} Rd5 {[%emt 0:30:11]} 41. Rxd5 {[%emt 0:31:02]} cxd5 {[%emt 0:00:05]} 42. Rd1 {[%emt 0:00:27]} Kd6 {[%emt 0:01:04]} 43. Bh7 {[%emt 0:00:38]} Rg7 {[%emt 0:00:08]} 44. Bf5 {[%emt 0:00:01]} e4 {[%emt 0:00:40]} 45. Bh3 {[%emt 0:01:06]} Ke5 {[%emt 0:00:14]} 46. Bf1 {[%emt 0:00:19]} d4 {[%emt 0:00:40]} 47. Be2 {[%emt 0:00:13]} e3+ {[%emt 0:00:44]} 48. Kf3 {[%emt 0:00:19]} Ne4 {[%emt 0:00:11]} 49. Rg1 {[%emt 0:00:11]} f5 {[%emt 0:00:37]} 50. Bb5 {[%emt 0:00:42]} Rc7 {[%emt 0:00:47]} 51. Bd3 {[%emt 0:00:52]} Rc3 {[%emt 0:00:20]} 52. Rg2 {[%emt 0:00:33]} Nf2 {[%emt 0:01:11]} 53. Rxf2 {[%emt 0:00:54]} exf2 {[%emt 0:00:05]} 54. Kxf2 {[%emt 0:00:01]} f4 {[%emt 0:00:29]} 55. Kf3 {[%emt 0:00:08]} fxg3 {[%emt 0:00:08]} 56. Kxg3 {[%emt 0:00:04]} Rc7 {[%emt 0:00:19]} 57. Kh3 {[%emt 0:01:40]} Kf4 {[%emt 0:00:20]} 58. Bg6 {[%emt 0:00:24]} Rc5 {[%emt 0:00:33]} 59. Bd3 {[%emt 0:00:32]} Ke3 {[%emt 0:01:03]} 60. Kg3 {[%emt 0:00:11]} Kd2 {[%emt 0:00:23]} 61. Bg6 {[%emt 0:00:45]} Rxc2 {[%emt 0:00:47]} 62. Bxh5 {[%emt 0:00:15]} Rc3+ {[%emt 0:02:30]} 63. Kf4 {[%emt 0:00:05]} d3 {[%emt 0:00:55]} 64. Bf3 {[%emt 0:01:01]} Rxb3 {[%emt 0:00:57]} 65. h5 {[%emt 0:00:06]} Rb6 {[%emt 0:01:27]} 66. Kg5 {[%emt 0:00:47]} Kc1 {[%emt 0:00:24]} 67. h6 {[%emt 0:00:55]} Rxh6 {[%emt 0:00:06]} 68. Kxh6 {[%emt 0:00:04]} d2 {[%emt 0:00:04]} 0-1

[Event "21st Alekhine FIDE 2017"]
[Site "Voronezh"]
[Date "2017.06.17"]
[Round "6"]
[White "Napalkov, Vladimir"]
[Black "Shishkin, Aleksey A"]
[Result "1/2-1/2"]
[WhiteElo "2031"]
[BlackElo "2191"]
[Annotator "TA"]
[PlyCount "35"]
[EventDate "2017.??.??"]
[EventType "swiss"]
[EventCountry "RUS"]
[SourceTitle "playchess.com"]
[Source "ChessBase"]
[SourceQuality "1"]

{[%evp 33,35,0,10,0]} 1. d4 d5 2. c4 c6 3. cxd5 cxd5 4. Nc3 Nf6 5. Nf3 Nc6 6. Bf4 a6 7. e3 Bg4 8. Be2 e6 9. h3 Bxf3 10. Bxf3 Bd6 11. Bxd6 Qxd6 12. O-O O-O 13. Rc1 Rac8 {[#]} 14. Rc2 $146 ({Predecessor (4):} 14. Qd2 Ne7 15. Rc2 Rc7 16. Rfc1 Rfc8 17. a3 g6 18. Na4 Nd7 19. Be2 Rxc2 20. Rxc2 Rxc2 21. Qxc2 Qc6 22. Qxc6 Nxc6 {½-½ (34) Cheparinov,I (2682)-Salgado Lopez,I (2622) Dubai 2014}) 14... Nb4 15. Rc1 Nc6 16. Rc2 Nb4 17. Rc1 Nc6 {LiveBook: 21 Games} 18. Rc2 {D13: Slav Defence: Exchange variation without ...Bf5} 1/2-1/2

[Event "21st Alekhine FIDE 2017"]
[Site "Voronezh"]
[Date "2017.06.17"]
[Round "6"]
[White "Rozmetov, Aybek"]
[Black "Yashmetov, Nikolay"]
[Result "1-0"]
[WhiteElo "1978"]
[BlackElo "2127"]
[Annotator "ChessBase"]
[PlyCount "125"]
[EventDate "2017.??.??"]
[EventType "swiss"]
[EventCountry "RUS"]
[SourceTitle "playchess.com"]
[Source "ChessBase"]
[SourceQuality "1"]
[TimeControl "40/5400+30:1800+30"]

1. d4 {[%emt 0:00:00]} Nf6 {[%emt 0:00:38]} 2. c4 {[%emt 0:00:00]} e6 {[%emt 0:00:06]} 3. Nf3 {[%emt 0:00:00]} b6 {[%emt 0:00:18]} 4. g3 {[%emt 0:00:02]} Ba6 {[%emt 0:00:26]} 5. b3 {[%emt 0:00:18]} b5 {[%emt 0:00:38]} 6. cxb5 Bxb5 {[%emt 0:00:41]} 7. Bg2 {[%emt 0:01:57]} d5 {[%emt 0:07:28]} 8. O-O {[%emt 0:00:16]} Be7 {[%emt 0:04:11]} 9. Nc3 {[%emt 0:01:04]} Ba6 {[%emt 0:01:19]} 10. Bf4 {[%emt 0:00:15]} Nh5 {[%emt 0:05:30]} 11. Be3 {[%emt 0:02:25]} O-O {[%emt 0:09:56]} 12. Ne5 {[%emt 0:00:47]} c6 {[%emt 0:05:18]} 13. Qc2 {[%emt 0:01:45]} Nf6 {[%emt 0:04:51]} 14. Na4 {[%emt 0:07:52]} Bb7 {[%emt 0:01:57]} 15. Rac1 {[%emt 0:00:51]} Nfd7 {[%emt 0:01:33]} 16. Nd3 {[%emt 0:01:29]} Na6 {[%emt 0:03:03]} 17. Qb2 {[%emt 0:01:50]} Bd6 {[%emt 0:05:21]} 18. Rc2 {[%emt 0:02:00]} Qe7 {[%emt 0:01:31]} 19. b4 {[%emt 0:06:29]} Rab8 {[%emt 0:05:57]} 20. a3 {[%emt 0:03:57]} Nb6 {[%emt 0:09:08]} 21. Ndc5 {[%emt 0:18:11]} Bxc5 {[%emt 0:08:13]} 22. Nxc5 {[%emt 0:01:09]} Nxc5 {[%emt 0:04:01]} 23. dxc5 {[%emt 0:03:35]} Nd7 {[%emt 0:00:54]} 24. b5 {[%emt 0:03:02]} Rfc8 {[%emt 0:02:54]} 25. Rfc1 {[%emt 0:04:28]} f6 {[%emt 0:05:42]} 26. a4 {[%emt 0:00:57]} Ba8 {[%emt 0:01:19]} 27. h4 {[%emt 0:07:11]} a6 {[%emt 0:01:31]} 28. b6 {[%emt 0:00:47]} Bb7 {[%emt 0:00:05]} 29. a5 {[%emt 0:00:40]} Re8 {[%emt 0:02:45]} 30. Qb4 {[%emt 0:00:46]} Rbd8 {[%emt 0:00:38]} 31. Bd2 {[%emt 0:01:24]} Nf8 {[%emt 0:01:36]} 32. e4 {[%emt 0:02:14]} Qf7 {[%emt 0:01:33]} 33. exd5 {[%emt 0:00:41]} exd5 {[%emt 0:00:04]} 34. Bf4 {[%emt 0:01:05]} Ng6 {[%emt 0:03:01]} 35. Bc7 {[%emt 0:00:42]} Rd7 {[%emt 0:01:39]} 36. Bd6 {[%emt 0:02:12]} Ne5 {[%emt 0:00:03]} 37. Bf1 {[%emt 0:01:58]} Nf3+ {[%emt 0:01:54]} 38. Kg2 {[%emt 0:00:56]} Re4 {[%emt 0:00:02]} 39. Qxe4 {[%emt 0:03:15]} dxe4 {[%emt 0:00:57]} 40. Bc4 {[%emt 0:00:08]} f5 {[%emt 0:30:24]} 41. Bxf7+ {[%emt 0:31:18]} Kxf7 {[%emt 0:00:03]} 42. g4 {[%emt 0:01:33]} g6 {[%emt 0:00:56]} 43. Kg3 {[%emt 0:01:38]} Kf6 {[%emt 0:00:40]} 44. g5+ {[%emt 0:02:56]} Ke6 {[%emt 0:00:04]} 45. Rh1 {[%emt 0:00:36]} Nd4 {[%emt 0:00:54]} 46. Rd2 {[%emt 0:01:39]} Nb3 {[%emt 0:00:21]} 47. Ra2 {[%emt 0:00:35]} Nd4 {[%emt 0:00:31]} 48. h5 {[%emt 0:01:12]} gxh5 {[%emt 0:00:07]} 49. Rxh5 {[%emt 0:00:10]} Kd5 {[%emt 0:00:05]} 50. Rh6 {[%emt 0:01:13]} Rg7 {[%emt 0:00:16]} 51. Rd2 {[%emt 0:05:03]} Kc4 {[%emt 0:00:17]} 52. Bf4 {[%emt 0:01:53]} Nb3 {[%emt 0:00:41]} 53. Rd8 {[%emt 0:00:57]} Nxa5 {[%emt 0:00:52]} 54. Rh8 {[%emt 0:00:20]} Kxc5 {[%emt 0:00:07]} 55. Be3+ {[%emt 0:00:43]} Kb5 {[%emt 0:00:37]} 56. R8xh7 {[%emt 0:00:09]} Rg8 {[%emt 0:00:04]} 57. Rh8 {[%emt 0:02:36]} Rg7 {[%emt 0:00:39]} 58. g6 {[%emt 0:00:41]} c5 {[%emt 0:00:24]} 59. Bg5 {[%emt 0:00:38]} Bd5 {[%emt 0:00:45]} 60. Bf6 {[%emt 0:00:48]} Rd7 {[%emt 0:00:02]} 61. Rd8 {[%emt 0:01:08]} e3 {[%emt 0:00:21]} 62. Rxd7 {[%emt 0:00:37]} e2 {[%emt 0:00:03]} 63. Bc3 1-0

[Event "21st Alekhine FIDE 2017"]
[Site "Voronezh"]
[Date "2017.06.17"]
[Round "6"]
[White "Piskov, Vladimir A"]
[Black "Geranichev, Mikhail"]
[Result "0-1"]
[WhiteElo "1909"]
[BlackElo "2076"]
[Annotator "NA"]
[PlyCount "82"]
[EventDate "2017.??.??"]
[EventType "swiss"]
[EventCountry "RUS"]
[SourceTitle "playchess.com"]
[Source "ChessBase"]
[SourceQuality "1"]
[TimeControl "40/5400+30:1800+30"]

{[%evp 23,80,50,85,58,92,57,153,34,151,99,115,133,170,190,231,231,229,239,224,231,264,214,247,171,239,133,158,127,123,152,140,148,132,154,166,48,92,69,126,0,0,0,0,0,0,0,0,0,32767,32767,32767,0,32767,0,32767,0,32767,0,0]} 1. d4 {[%emt 0:00:00]} Nf6 {[%emt 0:00:25]} 2. Bg5 {[%emt 0:00:43]} g6 {[%emt 0:00:33]} 3. Nc3 {[%emt 0:00:34]} d5 {[%emt 0:00:19]} 4. h4 {[%emt 0:01:20] D01: Veresov Opening} (4. Bxf6 exf6 5. e3 Bg7 6. g3 O-O 7. Bg2 c6 8. h4 h5 9. Nge2 Bg4 10. Qd2 Bxe2 11. Nxe2 f5 12. Qb4 Qb6 13. Qb3 Nd7 {½-½ (75) Michalik,P (2557)-Ftacnik,L (2566) Prievidza 2014}) 4... h6 {[%emt 0:01:06]} 5. Bxf6 exf6 {[%emt 0:00:06]} 6. h5 {[%emt 0:00:54]} g5 {[%emt 0:00:21]} 7. e3 {[%emt 0:00:04]} Bg7 $146 {[%emt 0:00:23]} ({Predecessor:} 7... Be6 8. Bd3 c5 9. dxc5 Bxc5 10. Nge2 Nc6 {1-0 (38) Tonndorf,M (2027)-Margraf,D (2105) Bockenem 2003}) 8. Qf3 {[%emt 0:00:51]} c6 {[%emt 0:00:45]} 9. Bd3 {[%emt 0:00:06]} O-O {[%emt 0:00:40]} 10. Nge2 {[%emt 0:00:01]} Re8 {[%emt 0:00:31]} 11. O-O-O {[%emt 0:00:47]} Nd7 {[%emt 0:00:26]} 12. e4 {[%emt 0:03:41]} dxe4 {[%emt 0:00:50]} 13. Bxe4 {[%emt 0:01:47]} Nf8 {[%emt 0:00:27]} 14. d5 {[%emt 0:01:03]} (14. g4 $16) 14... c5 {[%emt 0:00:21]} ({Better is} 14... cxd5 15. Rxd5 (15. Bxd5 Qb6 $11) 15... Qc7) 15. Kb1 {[%emt 0:00:41]} (15. Ng3 $16) 15... Qd6 {[%emt 0:02:42]} ({Black should try} 15... f5 $14 16. Bxf5 Bxf5 17. Qxf5 Qb6) 16. Rhe1 {[%emt 0:01:45]} (16. Ng3 $142) 16... Bd7 {[%emt 0:01:05]} 17. Ng3 {[%emt 0:00:43]} b5 {[%emt 0:00:58]} 18. Bf5 {[%emt 0:03:16]} Rxe1 {[%emt 0:01:26]} 19. Rxe1 {[%emt 0:00:05]} Re8 {[%emt 0:00:38]} 20. Rxe8 {[%emt 0:04:59]} Bxe8 {[%emt 0:03:27]} 21. Nge4 {[%emt 0:00:30]} Qb6 {[%emt 0:03:03]} 22. Qe3 {[%emt 0:01:00]} Bd7 {[%emt 0:01:47]} 23. d6 {[%emt 0:09:30]} Qc6 {[%emt 0:04:47]} (23... Be6 $142) 24. g4 {[%emt 0:08:21]} ({White should play} 24. Bxd7 $18 Qxd7 25. Qd3 (25. Qxc5 f5 $16) (25. Nxc5 Qxd6 26. Nd3 b4 $14)) 24... b4 {[%emt 0:01:46]} 25. Ne2 {[%emt 0:00:52]} Bxf5 {[%emt 0:00:55]} 26. gxf5 {[%emt 0:00:02]} Nd7 {[%emt 0:00:36] [#]} 27. c4 $1 {[%emt 0:02:53]} Bf8 {[%emt 0:06:21]} 28. Qd3 {[%emt 0:04:11]} Kg7 {[%emt 0:01:05]} 29. f4 {[%emt 0:02:54]} ({White should try} 29. Nc1 $18) 29... a5 {[%emt 0:04:05]} 30. b3 {[%emt 0:02:43]} a4 {[%emt 0:01:04] [#]} 31. Kc2 {[%emt 0:00:33]} (31. Qd5 $1 $16 {[%cal Rd5c6]} Qxd5 32. cxd5 axb3 33. axb3) 31... Qa8 {[%emt 0:01:02]} 32. Kd2 {[%emt 0:04:19]} axb3 {[%emt 0:02:04]} 33. axb3 {[%emt 0:00:02]} Qa2+ {[%emt 0:00:45]} 34. Ke3 {[%emt 0:00:03]} Qb2 {[%emt 0:02:38]} 35. Kf3 {[%emt 0:05:52]} Qa1 {[%emt 0:08:14]} 36. Kg2 {[%emt 0:01:04]} Qe1 {[%emt 0:03:26]} 37. Nf2 {[%emt 0:05:42]} Kg8 {[%emt 0:04:05]} 38. fxg5 {[%emt 0:04:24]} hxg5 {[%emt 0:01:53]} 39. Ng3 {[%emt 0:01:12]} Qe5 {[%emt 0:03:04]} 40. Nfe4 {[%emt 0:00:44]} Qb2+ $11 {[%emt 0:31:11]} 41. Kh3 {[%emt 0:35:26]} g4+ {[%emt 0:00:12]} 0-1

[Event "21st Alekhine FIDE 2017"]
[Site "Voronezh"]
[Date "2017.06.17"]
[Round "6"]
[White "Sokolovsky, Victor"]
[Black "Kazmin, Semen"]
[Result "0-1"]
[WhiteElo "1896"]
[BlackElo "2086"]
[Annotator "NA"]
[PlyCount "66"]
[EventDate "2017.??.??"]
[EventType "swiss"]
[EventCountry "RUS"]
[SourceTitle "playchess.com"]
[Source "ChessBase"]
[SourceQuality "1"]
[TimeControl "40/5400+30:1800+30"]

{[%evp 14,53,25,25,28,5,28,-17,-14,-103,-70,-188,-129,-225,-185,-195,-192,-213,-218,-233,-242,-226,-214,-222,-260,-277,-312,-322,-363,-591,32767,-380,-357,-621,32767,-347,-335,32767,32767,32767,32767,-528]} 1. e4 {[%emt 0:01:37]} e6 {[%emt 0:00:05]} 2. d4 {[%emt 0:00:46]} d5 {[%emt 0:00:07]} 3. Nc3 {[%emt 0:00:51]} Bb4 {[%emt 0:00:12]} 4. Bd3 {[%emt 0:01:39]} dxe4 {[%emt 0:00:22]} 5. Bxe4 {[%emt 0:00:24]} Nf6 {[%emt 0:00:09]} 6. Bd3 {[%emt 0:01:07]} c5 {[%emt 0:02:06]} 7. Nf3 {[%emt 0:00:33] C15: French: 3 Nc3 Bb4: Unusual White 4th moves} (7. a3 Ba5 8. dxc5 Bxc3+ 9. bxc3 Qa5 10. Nf3 O-O 11. O-O Nbd7 12. Bf4 Nxc5 13. Bd6 Re8 14. Rb1 Nxd3 15. Qxd3 {0-1 (41) Pershin,D (2336)-Smirnov,P (2564) Kazan 2016}) 7... Nc6 {[%emt 0:01:46]} 8. a3 {[%emt 0:01:32]} Bxc3+ 9. bxc3 {[%emt 0:00:11]} O-O {[%emt 0:07:02]} 10. Bg5 $146 {[%emt 0:02:44]} ({Predecessor:} 10. O-O b6 11. Rb1 Qe7 12. Re1 Rd8 13. Bg5 h6 14. Bh4 {1-0 (23) Miellet Bensan,Y (2213)-Sedina,E (2393) Cappelle-la-Grande 2001}) 10... h6 {[%emt 0:02:50]} 11. h4 {[%emt 0:03:42]} (11. Be3 $11) 11... Re8 {[%emt 0:03:29]} 12. Qd2 {[%emt 0:05:58]} (12. Ne5 $17) 12... e5 {[%emt 0:20:33]} 13. Bxf6 {[%emt 0:17:25]} (13. dxe5 $142 hxg5 14. hxg5) 13... Qxf6 {[%emt 0:00:25]} 14. dxe5 {[%emt 0:01:32]} Nxe5 {[%emt 0:00:50]} 15. O-O-O {[%emt 0:03:44]} Nxd3+ {[%emt 0:06:24]} 16. Qxd3 {[%emt 0:01:48] [#]} Bf5 $1 {[%emt 0:00:38]} 17. Qc4 {[%emt 0:01:44]} Re4 {[%emt 0:07:41]} 18. Qb3 {[%emt 0:05:50]} Qa6 {[%emt 0:01:53]} 19. Rhe1 {[%emt 0:01:56] [#]} Be6 $1 {[%emt 0:02:19]} 20. Qb2 {[%emt 0:06:17]} Ra4 {[%emt 0:01:06]} 21. Kd2 $2 {[%emt 0:05:23]} (21. c4) 21... Rd8+ {[%emt 0:05:12]} 22. Kc1 {[%emt 0:02:20]} Rc8 {[%emt 0:02:52]} 23. Kd2 $2 {[%emt 0:01:20]} (23. Rxe6 Qxe6 24. Qb3 Qxb3 25. cxb3 Rxa3 26. Kb2) 23... Rc6 {[%emt 0:02:24]} 24. Re3 {[%emt 0:00:47]} Rd6+ {[%emt 0:02:45]} 25. Ke1 {[%emt 0:04:01]} Rxd1+ {[%emt 0:00:16]} 26. Kxd1 {[%emt 0:00:07]} Rxa3 {[%emt 0:00:13]} 27. Kd2 $19 {[%emt 0:02:58]} Ra2 {[%emt 0:01:16]} 28. Qb1 {[%emt 0:00:32]} Ra1 {[%emt 0:02:07]} 29. Qb2 {[%emt 0:04:26]} Qf1 {[%emt 0:00:52]} 30. Ne1 {[%emt 0:01:40]} Qxf2+ {[%emt 0:00:16]} 31. Re2 {[%emt 0:00:18]} Qf4+ {[%emt 0:00:17]} 32. Re3 {[%emt 0:00:41]} Rxe1 {[%emt 0:00:08]} 33. Kxe1 {[%emt 0:00:16]} Qxe3+ {[%emt 0:00:02]} 0-1